|
|
|
|
| LEADER |
02063nam a22004455i 4500 |
| 001 |
35140 |
| 003 |
BD-DhAAL |
| 005 |
20211129111859.0 |
| 008 |
190808t2015 nyua b 001 0 eng d |
| 999 |
|
|
|c 41019
|d 41019
|
| 010 |
|
|
|a 2015931637
|
| 020 |
|
|
|a 9780199689491
|
| 020 |
|
|
|a 0199689490
|
| 035 |
|
|
|a (OCoLC)ocn898926547
|
| 040 |
|
|
|a BTCTA
|b eng
|c BTCTA
|e rda
|d BDX
|d YDXCP
|d OCLCO
|d CDX
|d OCLCF
|d GZM
|d VYF
|d OCL
|d DLC
|d BD-DhAAL
|
| 042 |
|
|
|a lccopycat
|
| 050 |
0 |
0 |
|a HC79.P6
|b A45 2015
|
| 082 |
0 |
4 |
|a 362.50721
|2 23
|
| 100 |
1 |
|
|a Alkire, Sabina,
|e author.
|9 33523
|
| 245 |
1 |
0 |
|a Multidimensional poverty measurement and analysis /
|c Sabina Alkire.. [et..al].
|
| 250 |
|
|
|a First edition.
|
| 260 |
|
|
|a New York, NY :
|b Oxford University Press,
|c 2015
|
| 300 |
|
|
|a xi, 356 pages :
|b illustrations ;
|c 25 cm.
|
| 504 |
|
|
|a Includes bibliographical references (pages 311-342) and index.
|
| 520 |
|
|
|a A systematic conceptual, theoretical, and methodological introduction to multidimensional poverty measurement and analysis. It provides a lucid overview of the problems a range of multidimensional techniques can address and sets out a synthetic introduction of counting and axiomatic approaches to such measurement.
|
| 526 |
|
|
|a BBS
|
| 541 |
|
|
|a Development Book Agency
|e 35140
|
| 650 |
|
0 |
|a Poverty
|x Measurement.
|9 33524
|
| 650 |
|
0 |
|a Poverty
|x Research
|x Methodology.
|9 33525
|
| 650 |
|
7 |
|a Poverty
|x Research
|x Methodology.
|9 33525
|
| 650 |
|
7 |
|a Poverty
|x Measurement.
|9 33524
|
| 650 |
|
7 |
|a Business & finance.
|9 43348
|
| 700 |
1 |
|
|a Foster, James E. (James Eric),
|d 1955-
|e author.
|9 33526
|
| 700 |
1 |
|
|a Seth, Suman,
|e author.
|9 33527
|
| 700 |
1 |
|
|a Santos, Maria Emma,
|e author.
|9 33528
|
| 700 |
1 |
|
|a Roche, José Manuel,
|e author.
|9 33529
|
| 700 |
1 |
|
|a Ballón, Paola,
|e author.
|9 33530
|
| 852 |
|
|
|a Ayesha Abed Library
|c General Stacks
|
| 942 |
|
|
|2 ddc
|c BK
|
| 952 |
|
|
|0 0
|1 0
|2 ddc
|4 0
|6 362_507210000000000_ALK
|7 0
|9 66017
|a BRACUL
|b BRACUL
|c GEN
|d 2019-08-08
|e Development Book Agency
|g 4450.00
|l 1
|m 3
|o 362.50721 ALK
|p 3010035140
|r 2020-01-21
|s 2019-08-08
|t 1
|v 4450.00
|w 2019-08-08
|y BK
|